000 00713nam a2200289Ia 4500
005 20260324133546.0
008 008 260324s9999 xx 000 0 eng d
020 _a9780203018095
037 _aEBOOK
040 _aCRL
040 _beng
040 _cCRL
041 _2eng
041 _aeng
084 _qCRL
100 _aReinhard R. Doerries
_91193548
245 0 _aHitler's Last Chief of Foreign Intelligence
245 0 _bAllied Interrogations of Walter Schellenberg
260 _bTaylor and Francis
260 _c2003
365 _a
365 _b240
856 _uhttp://www.taylorfrancis.com/books/9780203018095
942 _cEBOOK
999 _c1792706
_d1792706